000 00883cam a22002771 4500
001 ca 35000138
003 DLC
005 20260227111137.0
008 750327s1934 xx 000 0 eng
010 _aca 35000138
035 _a(OCoLC)1240832
040 _aDLC
_cDSI
_dDLC
042 _apremarc
050 0 0 _aTL556
_b.K3 1934a
082 _a629.1324
100 1 _aKaster, Howard B.
245 1 0 _aAeronautical meteorology
_c[by] Howard B. Kaster.
260 _aOakland airport, Calif.,
_bBoeing school of aeronautics
_c[c1934]
300 _a104 p. (i. e. 125) numb. 1.
_billus., diagrs.
_c28 cm.
500 _acover-title.
500 _aExtra numbered leaves inserted.
500 _aMimeographed.
500 _aFirst published in 1934 under title: Notes, aeronautical meteorology.
504 _aBibliography: numb. leaf 100.
650 0 _aMeteorology in aeronautics.
999 _c17753
_d17753